[Event "ICS rated bullet match"]
[Site "204.178.125.65"]
[Date "1999.11.19"]
[Round "?"]
[White "Hossa"]
[Black "Turbofish"]
[Result "1-0"]
[WhiteElo "2450"]
[BlackElo "2106"]
[Annotator "Hiarcs 7.32 (22s)"]
[PlyCount "83"]
[EventDate "1999.??.??"]

1. e4 1... g6 {Opening = 1.d4 g6} 2. d4 Bg7 3. c4 b6 (3... e5 4. d5 d6 5. Bd3
Ne7 6. Be3 f5 7. f3 O-O 8. Nc3 Nd7 9. Qd2 f4 10. Bf2 Nf6 11. O-O-O a6 12. g4
Bd7 13. h4 Be8 14. c5 Nd7 15. cxd6 cxd6 16. g5 b5 17. Kb1 Rc8 18. Bf1 {
Bauer,P-Vrona,M/HUN-chT 1994/TD 94\03/1/2-1/2 (45)}) (3... e6 4. Nc3 Ne7 5. Be3
d5 6. f3 c5 7. cxd5 exd5 8. Bb5+ Nbc6 9. Nge2 cxd4 10. Nxd4 O-O 11. exd5 Nb4
12. O-O Nexd5 13. Bf2 Nxc3 14. bxc3 Nd5 15. Qb3 Nf4 16. Rfe1 Qg5 17. Bg3 Ne6
18. Rad1 {Skok,S-Jurasin,H/Bled opS 1996/EXP 51/0-1 (37)}) 4. Nf3 Bb7 5. Nc3
5... e6 $16 {Befestigt d5} (5... h6 6. Bd3 e6 7. O-O Nc6 8. Be3 Qe7 9. a3 g5
10. Nb5 d6 11. d5 Nd8 12. Rb1 e5 13. b4 a6 14. Nc3 Nf6 15. Rb2 Bc8 16. a4 Nh5
17. Rc2 Nf4 18. Ne1 h5 19. Ne2 h4 20. Nxf4 gxf4 21. Bc1 h3 22. g4 Rh4 23. f3
Qg5 24. Be2 f6 25. Kh1 Bd7 26. b5 a5 27. Rg1 Nb7 28. Ba3 Kf7 29. Nd3 Rg8 30.
Nf2 Nc5 31. Bxc5 dxc5 32. Rd2 Bf8 33. d6 cxd6 34. Rxd6 Bxd6 35. Qxd6 Rd8 36.
Qxb6 Rhh8 37. Qxc5 Be6 38. Qc7+ Kg6 39. Qxa5 Qh4 40. Qe1 Rd4 41. Qf1 Rd2 42. a5
Bxc4 43. Bxc4 Rxf2 44. Qe1 Rd8 45. Bd5 Rc8 46. Bc6 {
1/2-1/2 Kissel,H-Muenzer,A/RLPF-chS Landau 1988/GER 05 (46)}) (5... c5 6. Be3
$14) 6. Bd3 Ne7 7. Be3 d5 8. cxd5 {Weiss erobert Raum} 8... exd5 9. exd5 $11 (
9. e5 9... O-O $14) 9... Nxd5 10. O-O O-O 11. Rc1 Nxe3 12. fxe3 c5 13. Be4 {
Weiss erhaelt starke Initiative} 13... Bxe4 {Eine wichtige Figur} 14. Nxe4
14... Re8 $16 (14... Nc6 $5 $142 {ist eine gute Alternative} 15. dxc5 Bxb2 16.
Qxd8 16... Nxd8 $11) 15. Qd3 $11 (15. Nfg5 Qd5 16. dxc5 Qxd1 17. Rcxd1 $16)
15... Qe7 $2 $16 (15... Nc6 $142 {und Schwarz spielt mit} 16. a3 16... Qd5 $11)
16. Nfg5 Rf8 17. dxc5 $1 {haelt den Vorteil fest} 17... bxc5 $18 {
Weiss erhaelt starke Drohungen in der geoeffneten d-Linie} (17... Nd7 $5 18.
Qd6 18... Qe8 $16) 18. Qd5 Nd7 19. Rxf7 $1 {
Der Freibauer e3 koennte gefaehrlich werden. nun ist alles klar. Es droht Matt.
} 19... Rxf7 20. Qxa8+ Rf8 21. Qb7 h6 (21... Bh6 22. Rxc5 $1 {
nicht am Material kleben ist die Devise} 22... Rf7 23. Rc8+ Nf8 24. Rxf8+ Bxf8
25. Qb3 $18) 22. Rd1 $1 {entscheidend} 22... hxg5 23. Rxd7 {Droht Matt} 23...
Qe5 24. Qb3+ Kh7 (24... Kh8 $142 25. Nd6 $1 {die Entscheidung} 25... Kh7 $18)
25. Qc3 {Es droht Matt} 25... Qxc3 (25... Rf1+ 26. Kxf1 Qf5+ 27. Kg1 Qxd7 28.
Qxc5 Bxb2 29. Nxg5+ Kh6 30. Nf3 $18) 26. bxc3 $1 {huebsch} 26... g4 27. Nxc5
Kh6 (27... Re8 {der letzte Widerstandsversuch} 28. Kf2 28... Kh6 $18) 28. Ne6
Rg8 (28... Re8 {waere gleichermassen fruchtlos} 29. Nxg7 Rxe3 30. Rxa7 Rxc3 31.
a4 $18) 29. Nxg7 $1 {das war die Absicht} 29... Rxg7 (29... Rc8 {
koennte noch eine geringe Chance darstellen} 30. Rxa7 30... Rxc3 $18) 30. Rxg7
Kxg7 31. e4 (31. Kf2 $18 $142 {entschiede die Partie sofort}) 31... Kf6 (31...
g3 $18 {sonst gehen die Lichter sofort aus}) 32. Kf2 Ke5 33. Ke3 (33. Kg3 $142
{ist der schnellste Weg} 33... Kxe4 34. Kxg4 34... a5 $18) 33... g5 (33... a6 {
aendert nichts mehr} 34. g3 $18) 34. c4 Ke6 35. c5 Kd7 36. Kd4 Kc6 37. e5 a6
38. e6 a5 39. Ke5 a4 40. Kf6 Kxc5 41. e7 Kb4 42. e8=Q (42. e8=Q g3 43. hxg3 $18
) (42. Kxg5 {waere im Gewinnsinne praeziser} 42... Ka3 $18) 1-0

[Event "ICS rated bullet match"]
[Site "204.178.125.65"]
[Date "1999.11.19"]
[Round "?"]
[White "ipkis"]
[Black "Hossa"]
[Result "0-1"]
[WhiteElo "2272"]
[BlackElo "2454"]
[Annotator "Hiarcs 7.32 (22s)"]
[PlyCount "28"]
[EventDate "1999.??.??"]

1. e3 1... c5 {Opening = 1.---} 2. d4 cxd4 3. exd4 Nf6 4. c3 d5 5. Nf3 Nc6 6.
Bd3 Bg4 7. Nbd2 e6 8. Nf1 (8. Qa4 Bd6 9. Ne5 O-O 10. Ndf3 Bxf3 11. Nxf3 Qe8 12.
O-O Ne5 13. Qxe8 Nxf3+ 14. gxf3 Rfxe8 15. Bg5 Nh5 16. Rfe1 Bf4 17. Bh4 a6 18.
c4 dxc4 19. Bxc4 g5 20. Bg3 Red8 21. Rad1 Rd6 22. Rd3 22... Rad8 {
Etchegaray,P-Garcia Palermo,C/Benasque op 1993/TD 93\07/0-1 (51)}) 8... Qa5
$146 {Schwarz fuehrt die Partie kraftvoll zu Ende} (8... Bd6 9. Ng3 Qc7 10. O-O
10... O-O-O {1/2-1/2 Uskova,F-Kotsur,P/Omsk 1996/CBM 57 (10)}) (8... Be7 9. Ne3
Bh5 10. O-O O-O 11. Bd2 Rc8 12. Re1 Qb6 13. Bc1 Rfd8 14. Be2 Bg6 15. Bd3 Ne4
16. Nd2 Nxc3 17. bxc3 Bxd3 18. Qb3 Qxb3 19. axb3 a6 20. Nf3 Bf6 21. Bd2 Bg6 22.
Ng4 Be7 23. Nfe5 Nxe5 24. Nxe5 Bc2 25. b4 h6 26. Ra2 {
0-1 Kowalkowski,V-Thanh Tu Le/Paris 1996 (26)}) 9. Bd2 Ne4 10. Ng3 $4 $19 {
danach kann Weiss alle Traeume begraben} (10. Qe2 $11 $142 {ist noch spielbar})
10... Nxd2 11. Qxd2 $19 (11. Kxd2 Nxd4 12. b4 Bxb4 13. cxb4 Qxb4+ 14. Ke3 Bxf3
15. gxf3 15... Qb6 $19) 11... Bxf3 12. gxf3 12... Nxd4 $1 {
zementiert den Vorteil} 13. Be2 $4 {Weiss bricht voellig ein} (13. Qf4 $142
13... Nb3 14. Rd1 $19) 13... Nb3 $3 {schoen geopfert} 14. Bb5+ Kd8 (14... Kd8
15. axb3 Qxa1+ 16. Ke2 16... Qa5 $19) 0-1

[Event "ICS Rated standard match"]
[Site "204.178.125.65"]
[Date "1999.11.19"]
[Round "?"]
[White "Hossa"]
[Black "shukov"]
[Result "1-0"]
[WhiteElo "2289"]
[BlackElo "2075"]
[Annotator "Hiarcs 7.32 (22s)"]
[PlyCount "62"]
[EventDate "1999.??.??"]

1. e4 1... c5 {Opening = B98 - 7.f4 Be7(8.Qf3 Qc7 9.000 ---)} 2. Nf3 d6 3. d4
cxd4 4. Nxd4 Nf6 5. Nc3 a6 6. Bg5 e6 7. f4 Be7 8. Qf3 Qc7 9. O-O-O Bd7 10. e5 (
10. g4 Nc6 11. Nde2 O-O-O 12. Bg2 Rhg8 13. Bh4 h6 14. Bg3 g5 15. h3 Nh7 16. f5
Rgf8 17. Rhe1 b5 18. a3 b4 19. axb4 Nxb4 20. Nd4 e5 21. Nb3 a5 22. Kb1 a4 23.
Na1 Nf6 24. Qe2 24... Qa5 {Kosir,F-Kavcic,U/Bled op 1994/TD 94\02/0-1 (55)})
10... dxe5 11. fxe5 11... Nd5 $146 (11... Ng8 12. Qg3 Nc6 13. Nxc6 Bxc6 14. Bc4
h6 15. Bxe7 Nxe7 16. Rhf1 O-O 17. Rd6 Bxg2 18. Rf4 Bc6 19. Bd3 Ng6 20. Rg4 Qe7
21. h4 h5 22. Rxg6 fxg6 23. Qxg6 Rf6 24. exf6 Qxf6 25. Rxe6 Qxh4 26. b3 Rc8 27.
Re4 Qh3 28. Re7 {1-0 Doghri,N-Nainapalert,T/Dubai olm 1986/TD 86\02 (28)}) 12.
Bxe7 {Haelt den Koenig im Zentrum fest} 12... Nxe7 13. Re1 13... Nbc6 $14 (
13... Ng6 $5 $11) 14. Ncb5 axb5 15. Nxb5 Qb8 16. Nd6+ Kd8 17. Nxf7+ Kc7 18.
Nxh8 Qxh8 19. Kb1 19... g6 $16 (19... Ra5 $5 $14 {kommt in Betracht}) 20. Bb5
Ra5 21. Qd3 Nd5 22. Bxc6 22... bxc6 $2 (22... Bxc6 $142 23. c4 Nb6 24. Qd6+
24... Kc8 $18) 23. c4 Rxa2 (23... Ne7 {haette noch versucht werden koennen} 24.
Qd6+ 24... Kd8 $18) 24. cxd5 $1 {die Pointe} 24... Qa8 25. dxe6 (25. Qb3 $5
$142 {und Weiss haette es noch leichter} 25... Ra1+ 26. Kc2 Rxe1 27. d6+ Kc8
28. Rxe1 28... c5 $18) 25... Bc8 (25... Qa4 26. Qxd7+ Kb6 27. Qd4+ Qxd4 28.
Kxa2 Qc4+ 29. b3 Qc2+ 30. Ka3 Qc5+ 31. Kb2 Qf2+ 32. Kc1 32... Qxg2 $18) 26.
Qd6+ Kb7 27. Qb4+ Kc7 28. Rhf1 {Mit der Mattdrohung Rf7} 28... Ra1+ (28... Bxe6
{kann das Vorangegangene nicht ungeschehen machen} 29. Qd6+ Kb6 30. Qxe6 Ra1+
31. Kc2 $18) 29. Kc2 Qa4+ 30. Qxa4 Rxa4 31. Rf7+ Kd8 1-0

[Event "ICS rated standard match"]
[Site "204.178.125.65"]
[Date "1999.11.19"]
[Round "?"]
[White "Nicy"]
[Black "Hossa"]
[Result "0-1"]
[WhiteElo "2137"]
[BlackElo "2296"]
[Annotator "Hiarcs 7.32 (22s)"]
[PlyCount "69"]
[EventDate "1999.??.??"]

1. d4 1... d5 {Opening = D02 - 2.Nf3(Nf6 3.---)} 2. Nf3 Nf6 3. c3 Nbd7 (3... g6
4. Bf4 Bg7 5. h3 O-O 6. e3 c5 (6... Nfd7 7. Nbd2 c5 8. b4 cxb4 9. cxb4 a5 10.
b5 a4 11. Rc1 Qa5 12. Qc2 Nb6 13. Bc7 Re8 14. Bd3 Be6 15. O-O f6 16. e4 N8d7
17. exd5 Bxd5 18. Nc4 Bxc4 19. Bxc4+ Kh8 20. Qe2 e5 21. dxe5 {
Pribyl,J-Krupkova,P/Lazne Bohdanec-B 1996/EXP 50/1-0 (32)}) 7. Nbd2 Nc6 8. dxc5
a5 9. a4 Nd7 10. Nb3 e5 11. Bg3 e4 12. Nfd4 Be5 13. Bxe5 Ndxe5 14. Bb5 Qg5 15.
Kf1 Rd8 16. Ne2 Nc4 17. Nbd4 Nxb2 18. Qc2 Nc4 19. Bxc4 dxc4 20. Qxe4 Qxc5 21.
Nxc6 bxc6 22. Nd4 {1/2-1/2 Garcia Palermo,C-Adorjan,A/BL8990 1990/BL 90 (22)})
4. Bg5 Ne4 5. Bh4 5... h6 $146 (5... g6 6. Nbd2 Ndf6 7. e3 Bg7 8. Bd3 Nd6 9.
Qb3 c6 10. O-O O-O 11. c4 dxc4 12. Nxc4 Be6 13. Qc2 Nxc4 14. Bxc4 Bxc4 15. Qxc4
Qb6 16. Ne5 Rad8 17. b4 Rd5 18. Rab1 e6 19. Rb2 Ne4 20. Nd3 {
Ganter,T-Gheng,J/OLWuert 1995/GER 12/1-0 (47)}) 6. Nbd2 g5 7. Bg3 Nxg3 8. hxg3
g4 9. Ng1 e5 10. e3 Qg5 11. Bd3 Bg7 12. Qb3 12... e4 {Schwarz gewinnt Raum} 13.
Be2 13... a5 $16 (13... Qf5 $5 $14 {ist die kritische Fortsetzung}) 14. c4 c6
15. cxd5 Qxd5 16. Qxd5 cxd5 17. Bxg4 Nc5 18. Bxc8 Nd3+ 19. Ke2 Rxc8 20. Nh3 $14
(20. Rh5 $5 20... Rc2 21. Rxd5 Nxf2 22. Rb5 $18) 20... Rc2 21. Rab1 Bf8 22. Kd1
Rxb2 23. Rxb2 Nxb2+ 24. Ke2 Na4 25. Rc1 Kd7 26. Nf4 Ba3 27. Rc2 Kd6 28. Nb1 Bb2
29. Kd2 b5 30. Ne2 b4 31. Nf4 Rb8 32. Ne2 b3 33. axb3 Rxb3 34. Nbc3 $17 (34.
Rc8 $5 $11) 34... Nb6 35. Nf4 $4 $19 {fuehrt zu weiterem Ungemach} (35. Kd1 $17
$142) 0-1

[Event "ICS rated bullet match"]
[Site "204.178.125.65"]
[Date "1999.11.19"]
[Round "?"]
[White "Nicy"]
[Black "Hossa"]
[Result "0-1"]
[WhiteElo "2104"]
[BlackElo "2462"]
[Annotator "Hiarcs 7.32 (22s)"]
[PlyCount "110"]
[EventDate "1999.??.??"]

1. d4 1... d5 {Opening = D03 - 2.Nf3 Nf6 3.Bg5} 2. Nf3 Nf6 3. Bg5 Ne4 4. Bf4 c5
5. dxc5 Qa5+ (5... Nc6 6. e3 f6 7. c4 (7. Nbd2 e5 8. Bg3 Nxd2 9. Qxd2 Bxc5 10.
O-O-O Be6 11. h4 O-O 12. h5 Rc8 13. Kb1 Qb6 14. c3 d4 15. exd4 exd4 16. c4 Na5
17. Qc2 Ba3 18. Rxd4 Bf5 19. Bd3 Bxd3 20. Rxd3 Rxc4 21. Qe2 Re4 22. Qc2 Rc4 23.
Qe2 Re4 24. Qc2 24... Rc4 {
1/2-1/2 Hebden,M-Parker,J/Hastings Challengers 1995/EXP 50 (24)}) 7... e5 8.
Bg3 Be6 9. cxd5 Qxd5 10. Qxd5 Bxd5 11. a3 Bxc5 12. Nbd2 12... Nxd2 {
1/2-1/2 Hulak,K-Sosonko,G/Wijk 1987/CBM 02 (12)}) 6. c3 Qxc5 7. e3 7... Qb6
$146 (7... f6 8. Nbd2 Nxd2 9. Nxd2 e5 10. Bg3 Be6 11. Bd3 Nc6 12. Qe2 Be7 13.
O-O f5 14. Nb3 Qb6 15. f4 e4 16. Bc2 O-O 17. Rab1 Rac8 18. Rfc1 g5 19. Nd4 Nxd4
20. cxd4 Bd6 21. Qf2 h6 22. Bb3 {
Derichs,R-Siebrecht,S/BL2-W 1994/BL2/1/2-1/2 (41)}) 8. Qb3 8... Qxb3 $16 (8...
Nd7 9. Nbd2 Nxd2 10. Nxd2 Qxb3 11. axb3 $14) 9. axb3 Nc6 10. Nbd2 $11 (10. Na3
$5 $142 10... Bg4 11. Nb5 $16) 10... Nxd2 11. Nxd2 e5 12. Bg3 Be6 13. b4 Bd6
14. Be2 O-O 15. O-O a5 16. bxa5 Nxa5 17. Rfd1 Nc6 18. Kf1 Rfc8 19. Ke1 (19.
Rxa8 Rxa8 20. Nf3 20... f6 $11) 19... f5 20. h3 Rd8 21. f3 $15 (21. Nf3 $5 {
ist eine gute Alternative} 21... h6 22. Bb5 Rxa1 23. Rxa1 $11) 21... g5 $11 (
21... Bc5 $5 22. Bh4 Rxa1 23. Rxa1 23... Re8 $15) 22. Bf2 Bc5 23. Nb3 Bb6 24.
Rxa8 Rxa8 25. Ra1 Rxa1+ 26. Nxa1 Kf7 27. Nc2 Bc5 28. Kd2 Na5 29. Na1 (29. Ke1
29... Bd6 $15) 29... Nc4+ 30. Bxc4 dxc4 31. Nc2 h5 32. Na3 Ke7 33. Nc2 b5 34.
Ke2 34... Bd6 $15 (34... Bd5 $5 $17) 35. e4 fxe4 36. fxe4 Kf7 37. Bb6 g4 38.
hxg4 Bxg4+ 39. Ke1 Bd7 40. Ke2 Be6 41. Be3 Bc8 42. Nb4 Bb7 43. Kf3 Kf6 44. Nc2
Bc8 45. Nb4 Bg4+ 46. Kf2 Kg6 47. Nc2 Bd1 48. Ne1 Kg7 49. Nf3 Bc2 50. Nd2 Kf6
51. Kf3 Ke6 52. Kf2 Be7 53. Kf3 53... Bh4 {Droht Matt: Bd1} 54. Bf2 $4 (54. Ke2
$15 $142 {nur damit konnte man noch auf Rettung hoffen}) 54... Bd1+ 55. Ke3
Bg5# 0-1

[Event "ICS rated bullet match"]
[Site "204.178.125.65"]
[Date "1999.11.19"]
[Round "?"]
[White "Hossa"]
[Black "Nicy"]
[Result "1-0"]
[WhiteElo "2466"]
[BlackElo "2100"]
[Annotator "Hiarcs 7.32 (22s)"]
[PlyCount "55"]
[EventDate "1999.??.??"]

1. e4 1... c5 {Opening = B34 - 4.Nd4 g6 (5.Nc3 Bg7 6.Be3 Nf6 7.---)} 2. Nf3 Nc6
3. d4 cxd4 4. Nxd4 g6 5. Nxc6 bxc6 6. Bd3 (6. Bc4 Bg7 7. O-O Rb8 (7... e6 8. c3
d5 9. exd5 cxd5 10. Bb3 Ne7 11. Nd2 O-O 12. Nf3 a5 13. Be3 Nf5 14. Qd2 Nxe3 15.
Qxe3 Qc7 16. Nd4 Bd7 17. Rad1 Rfc8 18. Rc1 Rab8 19. Qd2 Qc5 20. Ne2 Bb5 21. Bd1
Bc4 22. a3 {Mieles,E-Nones,T/WchJM-U18 Guarapuava 1995/JUN 95/0-1 (32)}) 8. c3
Nf6 9. Re1 d5 10. Bb3 Nxe4 11. Rxe4 dxe4 12. Qe2 O-O 13. Nd2 Qd3 14. Qxe4 Qxe4
15. Nxe4 Bf5 16. Ng3 Bd3 17. Bg5 Rfe8 18. Re1 Bf6 19. Bh6 Bg7 20. Bg5 20... c5
{Takemoto,N-Thorsteinsdottir,G/Thessaloniki olw 1984/BIG 80/0-1 (46)}) 6... Bg7
7. O-O 7... d6 $146 (7... Qb6 8. Nc3 d6 9. Kh1 Nf6 10. f4 Ng4 11. Qf3 f5 12.
exf5 gxf5 13. h3 h5 14. Nd1 e6 15. Ne3 Kf7 16. Nc4 Qc7 17. Qe2 d5 18. Nd2 c5
19. c4 Bb7 20. Nf3 Bf6 21. Kg1 Rag8 22. Re1 Qd6 23. hxg4 Rxg4 24. Rf1 Rhg8 25.
Rf2 h4 26. Ne5+ Bxe5 27. fxe5 Qd7 28. Bxf5 exf5 29. Bf4 d4 30. e6+ Qxe6 31.
Qxe6+ Kxe6 32. Re1+ Be4 33. Ree2 h3 34. g3 h2+ 35. Rxh2 Rxf4 36. Rh6+ Ke5 37.
Kh2 37... Rf1 {0-1 Mueller,R-Rapparlie,W/OLBaden 1992/GER 04 (37)}) (7... Nf6
8. c4 O-O 9. Nc3 d5 10. h3 Rb8 11. Qe2 dxe4 12. Nxe4 Nxe4 13. Bxe4 Qc7 14. Rb1
f5 15. Bc2 c5 16. Bg5 e5 17. Qd2 Be6 18. b3 Rf7 19. Rbd1 Bf8 20. Rfe1 Re8 21.
Bd8 Qb8 22. Ba5 {Steiner,H-Stoltz,G/Groningen 1946/MCL 01/1/2-1/2 (52)}) 8. Nc3
8... e6 $14 {Ueberdeckt d5} (8... Bxc3 $5 {ist zu ueberlegen} 9. bxc3 9... Nf6
$11) 9. Re1 (9. Bd2 9... Ne7 $14) 9... Ne7 10. Bg5 10... O-O $14 (10... Rb8 $5
11. Qc1 11... Qc7 $14) 11. Qd2 Qc7 12. Bh6 d5 13. Bxg7 Kxg7 14. Rad1 (14. exd5
exd5 15. Na4 15... Bf5 $14) 14... d4 15. Ne2 e5 16. c3 c5 17. b3 f6 18. Bc4 a5
19. f3 {Befestigt g4} 19... g5 $14 (19... Bd7 20. Rc1 $11) 20. Bd5 $15 (20. Rc1
$5 {muss beachtet werden} 20... Qd6 21. Ng3 $14) 20... Bb7 $11 (20... Nxd5 21.
exd5 Qb7 22. c4 $15) 21. Bxb7 Qxb7 22. Qc2 Rfc8 23. Rd3 Qb5 24. a4 Qb6 25. Kh1
$15 (25. Red1 Rab8 26. cxd4 26... cxd4 $17) 25... Rab8 26. Qd2 26... Qxb3 $14 (
26... Ng6 $15 $142 {ist noch spielbar}) 27. cxd4 27... cxd4 $4 $18 (27... Qxa4
$142 {bringt noch Rettung} 28. dxe5 28... Qb4 $16) 28. Rxb3 (28. Rxb3 Rxb3 29.
Qxa5 $18) 1-0

[Event "ICS rated bullet match"]
[Site "204.178.125.65"]
[Date "1999.11.19"]
[Round "?"]
[White "Nicy"]
[Black "Hossa"]
[Result "1/2-1/2"]
[WhiteElo "2097"]
[BlackElo "2469"]
[Annotator "Hiarcs 7.32 (22s)"]
[PlyCount "107"]
[EventDate "1999.??.??"]

1. d4 1... d5 {Opening = D00 -(2.Nc3 Nf6 3.---)} 2. Bg5 Nd7 3. Nf3 $146 (3. c4
c6 (3... h6 4. Bh4 dxc4 5. e4 c5 6. Bxc4 Nb6 7. Bb3 Qxd4 8. Qxd4 cxd4 9. Nf3
Nf6 10. Nbd2 Nh5 11. Ne5 e6 12. Bd1 Nf6 13. f3 Nfd7 14. Nd3 Nc5 15. Nxc5 Bxc5
16. Rc1 Bb4 17. a3 Bd6 18. Bf2 {Hodgson,J-Blatny,P/BL9596 1996/BL 90/0-1 (45)})
4. cxd5 cxd5 5. Nc3 Ngf6 6. e3 (6. Qa4 e6 7. Bxf6 gxf6 8. e4 Bh6 9. exd5 O-O
10. dxe6 Nb6 11. Qc2 Qxd4 12. Bd3 fxe6 13. Bxh7+ Kh8 14. Nf3 Qg4 15. Qg6 Qxg6
16. Bxg6 Rg8 17. Bd3 Rxg2 18. Ke2 Nd5 19. Nxd5 exd5 20. Rag1 20... Bg4 {
Hodgson,J-Arakhamia,K/Palma de Mallorca GMA 1989/TD 89\13/1-0 (34)}) 6... e6 7.
Bd3 (7. Nf3 Be7 8. Bd3 a6 9. Ne5 Nxe5 10. dxe5 Ne4 11. Bxe7 Nxc3 12. Qg4 Kxe7
13. Qb4+ Ke8 14. bxc3 Qg5 15. O-O Qxe5 16. a4 Qc7 17. c4 dxc4 18. Rfc1 a5 19.
Qb2 e5 20. Rxc4 Qd6 21. Rd1 Ke7 22. Be2 Qb8 23. Qb6 Be6 24. Rc7+ Kf6 25. Rdd7
Qf8 26. Bc4 Re8 27. f4 g5 28. f5 Kxf5 29. Bxe6+ {
1-0 Hodgson,J-Davidovic,A/London Haringey 1988/TD 88\02 (29)}) 7... Be7 8. f4
a6 9. Nf3 b5 10. O-O Bb7 11. Ne5 O-O 12. Qf3 b4 13. Na4 h6 14. Bh4 Nxe5 15.
fxe5 Nd7 16. Bxe7 Qxe7 17. Rac1 17... Rfc8 {
Zangiev,P-Sotnikov,I/RUS-sf Briansk 1995/EXP 49/0-1 (45)}) 3... f6 {Staerkt e5}
4. Bh4 e6 5. e3 Bd6 6. Bg3 Ne7 7. Bxd6 7... cxd6 {Deckt e5} 8. c4 Qb6 9. b3 $11
(9. Qc2 9... Nf8 $14) 9... e5 $14 (9... dxc4 10. Bxc4 d5 11. Be2 $14) 10. dxe5
dxe5 11. cxd5 Qb4+ 12. Qd2 $11 (12. Nbd2 Nxd5 13. Bc4 13... N7b6 $11) 12...
Nxd5 13. Qxb4 {Haelt den Koenig im Zentrum fest} 13... Nxb4 14. Na3 e4 15. Nd4
15... Nd3+ $16 {d3, ein Paradefeld} (15... Ne5 $5 $11 $142 {ist zu erwaegen})
16. Bxd3 exd3 17. Kd2 Nc5 18. f3 {Sichert e4+g4} 18... a5 $18 (18... Kf7 $5 $16
) 19. Rac1 b6 20. Nc4 Nd7 21. Kxd3 O-O 22. Rhd1 22... Rd8 $18 (22... Ba6 $5
$142 23. Kd2 Bxc4 24. Rxc4 24... Nc5 $16) 23. Ke2 Kh8 24. e4 g5 (24... Re8 25.
Nd6 Ba6+ 26. Kf2 $18) 25. h3 Rf8 26. Rd2 (26. Ne6 26... Rg8 $18) 26... Rd8 (
26... Ba6 27. Ne6 27... Rf7 $18) 27. Ne6 Rg8 28. Nc7 Rb8 29. Nd5 (29. Rd6 $5 {
ginge schneller} 29... Rf8 $18) 29... h5 (29... Rf8 30. Ne7 Ne5 31. Nxe5 fxe5
32. Rd5 $18) 30. Nd6 (30. Kf2 $5 {waere im Gewinnsinne praeziser} 30... Rg7 31.
Ndxb6 Nxb6 32. Nxb6 Rxb6 33. Rxc8+ 33... Rg8 $18) 30... Ba6+ $2 (30... Rf8 $18)
31. Ke3 Rg7 (31... Nc5 {holt die Kuh nicht vom Eis} 32. Nxf6 Rgf8 33. Nxh5 $18)
32. Rc7 (32. Nc7 $142 {laesst dem Gegner kaum Chancen} 32... Bb7 33. Ne6 33...
Re7 $18) 32... Ne5 33. Rdc2 Bd3 (33... Rd8 {lenkt den Gegner vielleicht noch ab
} 34. Nxf6 34... h4 $18) 34. R2c3 (34. Rxg7 $142 {machte sofort alles klar}
34... Bxc2 35. Rc7 Bxb3 36. axb3 36... Rf8 $18) 34... Rxc7 (34... Rd8 {
macht keinen grossen Unterschied} 35. Rxg7 Kxg7 36. Nf5+ Kf8 37. Nxf6 $18) 35.
Rxc7 {Droht Matt} 35... Rf8 36. Nxb6 (36. Ne8 $1 $142 {sichert den Gewinn}
36... Bf1 37. Nexf6 Rf7 38. Rc8+ Kg7 39. Nxh5+ Kh6 40. Rh8+ 40... Rh7 $18)
36... Bf1 (36... Bb1 {kann das Vorangegangene nicht ungeschehen machen} 37.
Ndc4 Nxc4+ 38. Nxc4 Bxa2 39. Nxa5 $18) 37. Kf2 Bd3 38. Nbc4 (38. g3 {
und Weiss haette es noch leichter} 38... Bb1 39. f4 gxf4 40. gxf4 Bxa2 41. fxe5
fxe5+ 42. Nf5 42... Bxb3 $18) 38... Bb1 (38... Bxc4 {aendert nichts mehr} 39.
Nxc4 Nxc4 40. Rxc4 $18) 39. Nxa5 (39. a4 $5 {gibt noch groesseren Vorteil}
39... Nxc4 40. Nxc4 40... Ra8 $18) 39... Ra8 40. Ndc4 (40. Nac4 {
damit wuerde Weiss es sich noch erleichtern} 40... Rxa2+ 41. Kg1 Nxc4 42. bxc4
42... Ra6 $18) 40... Nxc4 41. Nxc4 Rxa2+ 42. Kg1 Rc2 43. Rb7 Ba2 (43... Rc1+
44. Kf2 $18) 44. Nd6 Rc1+ 45. Kh2 Rc6 46. Nf7+ Kg8 47. Nd8 (47. e5 $5 $142 {
ist genauer} 47... fxe5 48. Nxg5 48... h4 $18) 47... Rd6 48. Rb8 $1 {
triumphiert} 48... Kg7 49. Rc8 $16 (49. b4 $5 $142 49... Bc4 50. Rc8 $18) 49...
Bxb3 50. Rb8 Bc4 51. Rc8 Bb3 52. Rb8 Bc4 53. Rc8 $11 (53. Nb7 $5 53... Rd2 54.
Rd8 Rxd8 55. Nxd8 $16) 53... Bb3 54. Rb8 1/2-1/2

[Event "ICS rated bullet match"]
[Site "204.178.125.65"]
[Date "1999.11.19"]
[Round "?"]
[White "Hossa"]
[Black "Nicy"]
[Result "1-0"]
[WhiteElo "2456"]
[BlackElo "2110"]
[Annotator "Hiarcs 7.32 (22s)"]
[PlyCount "47"]
[EventDate "1999.??.??"]

1. e4 1... c5 {Opening = B34 - 4.Nd4 g6 (5.Nc3 Bg7 6.Be3 Nf6 7.---)} 2. Nf3 Nc6
3. d4 cxd4 4. Nxd4 g6 5. Nxc6 bxc6 6. Bd3 (6. Bc4 Bg7 7. O-O e6 8. c3 d5 9.
exd5 cxd5 10. Bb3 Ne7 11. Nd2 O-O 12. Nf3 a5 13. Be3 Nf5 14. Qd2 Nxe3 15. Qxe3
Qc7 16. Nd4 Bd7 17. Rad1 Rfc8 18. Rc1 Rab8 19. Qd2 Qc5 20. Ne2 Bb5 21. Bd1 Bc4
22. a3 Qb6 23. b4 Qc7 24. Re1 Bxe2 25. Qxe2 axb4 26. axb4 Bxc3 27. Rf1 Rxb4 28.
Bc2 Bb2 29. Rcd1 Qxc2 30. Rd2 Qc3 31. Rb1 Bc1 32. Rxb4 32... Qxd2 {
0-1 Mieles,E-Nones,T/WchJM-U18 Guarapuava 1995/JUN 95 (32)}) 6... Bg7 7. O-O
7... d6 $146 (7... Qb6 8. Nc3 d6 9. Kh1 Nf6 10. f4 Ng4 11. Qf3 f5 12. exf5 gxf5
13. h3 h5 14. Nd1 e6 15. Ne3 Kf7 16. Nc4 Qc7 17. Qe2 d5 18. Nd2 c5 19. c4 Bb7
20. Nf3 Bf6 21. Kg1 Rag8 22. Re1 {
Mueller,R-Rapparlie,W/OLBaden 1992/GER 04/0-1 (37)}) (7... Nf6 8. c4 O-O 9. Nc3
d5 10. h3 Rb8 11. Qe2 dxe4 12. Nxe4 Nxe4 13. Bxe4 Qc7 14. Rb1 f5 15. Bc2 c5 16.
Bg5 e5 17. Qd2 Be6 18. b3 Rf7 19. Rbd1 Bf8 20. Rfe1 Re8 21. Bd8 Qb8 22. Ba5 {
Steiner,H-Stoltz,G/Groningen 1946/MCL 01/1/2-1/2 (52)}) 8. Nc3 8... e6 $14 {
Kontrolliert d5} (8... Bxc3 $5 9. bxc3 9... Qa5 $11) 9. Re1 $11 (9. Bd2 9...
Ne7 $14) 9... Ne7 10. Bg5 10... O-O $14 (10... Rb8 $5 11. Qc1 11... Bd4 $14)
11. Qd2 Qc7 12. Bh6 d5 13. Bxg7 {Weiss fuehrt die Partie kraftvoll zu Ende}
13... Kxg7 14. Rad1 (14. exd5 exd5 15. Na4 15... Bf5 $14) 14... a5 (14... d4
15. Ne2 c5 16. Ng3 $14) 15. exd5 cxd5 16. Nb5 Qb6 17. Qc3+ Kg8 18. Qf6 18...
Re8 $16 (18... Bd7 19. a4 Nc6 20. c3 $14) 19. Nd4 19... Ba6 $2 $18 (19... Nc6
$142 20. Bb5 20... Bb7 $16) 20. Nf3 $4 {danach kann Weiss alle Traeume begraben
} (20. Nxe6 $142 {und nichts geht mehr} 20... fxe6 21. Rxe6 $18) 20... Bxd3 21.
Ng5 $1 {nun ist alles klar. Es droht Matt} 21... Rf8 22. Rxd3 Nf5 23. Rxd5 $14
(23. Nxh7 Qb4 24. c3 Qxb2 25. Rh3 $18) 23... Rad8 $4 $18 (23... Rab8 $142 {
haette die Niederlage vermieden} 24. Rd7 24... Qxb2 $14) 24. Rxf5 $1 {
und der Wal spuckt Jonas wieder aus} (24. Rxf5 Rd7 25. Rf3 $18) 1-0